Development of an intelligent Neurologist Support System (iNSS) for diagnosing epilepsy (Record no. 525358)

000 -LEADER
fixed length control field 00694nam a22002057a 4500
003 - CONTROL NUMBER IDENTIFIER
control field NUST
005 - DATE AND TIME OF LATEST TRANSACTION
control field 20240125095841.0
008 - FIXED-LENGTH DATA ELEMENTS--GENERAL INFORMATION
fixed length control field 190701b ||||| |||| 00| 0 eng d
038 ## - RECORD CONTENT LICENSOR
Staff Name Mr. Zahoor
082 ## - DEWEY DECIMAL CLASSIFICATION NUMBER
Classification number 629.892
100 ## - MAIN ENTRY--PERSONAL NAME
Personal name Ahmad, Anas Malik
9 (RLIN) 16200
245 ## - TITLE STATEMENT
Title Development of an intelligent Neurologist Support System (iNSS) for diagnosing epilepsy
Statement of responsibility, etc. Malik Anus Ahmed
260 ## - PUBLICATION, DISTRIBUTION, ETC.
Place of publication, distribution, etc. Islamabad :
Name of publisher, distributor, etc. SMME - NUST,
Date of publication, distribution, etc. 2015.
300 ## - PHYSICAL DESCRIPTION
Extent X, 41 p.: ill.;
Dimensions 30cm.
500 ## - GENERAL NOTE
General note Hardcover.
650 ## - SUBJECT ADDED ENTRY--TOPICAL TERM
Topical term or geographic name entry element Robotics & Intelligent Machine Engineering - MS Thesis
9 (RLIN) 16201
700 ## - ADDED ENTRY--PERSONAL NAME
Personal name Dr. Yasar Ayaz
9 (RLIN) 16202
856 ## - ELECTRONIC LOCATION AND ACCESS
Uniform Resource Identifier <a href="http://10.250.8.41:8080/xmlui/handle/123456789/9302">http://10.250.8.41:8080/xmlui/handle/123456789/9302</a>
942 ## - ADDED ENTRY ELEMENTS (KOHA)
Source of classification or shelving scheme
Koha item type Thesis
Holdings
Withdrawn status Lost status Source of classification or shelving scheme Damaged status Not for loan Permanent Location Current Location Shelving location Date acquired Full call number Barcode Date last seen Price effective from Koha item type
          Central Library (CL) Central Library (CL) Thesis 07/01/2019 629.892 CL-T-1954 07/03/2019 07/01/2019 Thesis
© 2023 Central Library, National University of Sciences and Technology. All Rights Reserved.